00684nam a22001817a 4500008004000000020001500040050002500055100003500080245013800115250001100253260003200264300002700296504003400323504002100357650004100378650003700419700004600456140704t mx||||| |||| 00| 0 spa d a970073225804aKGF2000.A9bR84 20021 aRuiz Moreno, Ángel Guillermo14aLas afore :bEl nuevo sistema de ahorro y pensiones /cÁngel Guillermo Ruiz Moreno ; prólogo de Jorge Rafael Alarcón Álvarez. a4a ed. aMéxico :bPorrúa,c2002 axxxi, 279 p. ;c21 cm. aBibliografía : p. 269 - 278 aIncluye índice 72LembaPensiones a la vejezzMéxico 72LembaSeguridad socialzMéxico1 aAlarcón Álvarez, Jorge Rafael, pról